Rubberwood fiber filled polypropylene composite : Mechanical and machine properties (Record no. 43126)

MARC details
000 -LEADER
fixed length control field 00453nam a2200145Ia 4500
020 ## - INTERNATIONAL STANDARD BOOK NUMBER
ISBN 9783846530375
082 ## - DEWEY DECIMAL CLASSIFICATION NUMBER
Classification number NR:630*81
Item number ISL
100 ## - MAIN ENTRY--AUTHOR NAME
Personal name ISLAM, Nafish Sarwar
245 #0 - TITLE STATEMENT
Title Rubberwood fiber filled polypropylene composite : Mechanical and machine properties
260 ## - PUBLICATION, DISTRIBUTION, ETC. (IMPRINT)
Place of publication LAP LAMBERT Academic Publishing
Name of publisher U S A
Year of publication 2011
650 ## - SUBJECT ADDED ENTRY--TOPICAL TERM
Topical Term Rubberwood Fiber
650 ## - SUBJECT ADDED ENTRY--TOPICAL TERM
Topical Term Rubberwood Market
942 ## - ADDED ENTRY ELEMENTS (KOHA)
Koha item type Books
Holdings
Withdrawn status Lost status Damaged status Not for loan Home library Current library Date acquired Cost, normal purchase price Full call number Accession Number Koha item type
        RRII Library RRII Library 16/12/2021 49.00 NR:630*81 ISL 23392 Books